Doporučení pro obce v oblasti péče o archeologické kulturní dědictví /

Main Author: Pařez, Jan, 1961-
Other Authors: Kučová, Stanislava, 1970-, Čáni, Ján
Language: Czech
Published: [Praha] : Ministerstvo pro místní rozvoj ČR, 2021
Series: MMR pro obce ; 9
Subjects:
Physical Description: 51 stran, 2 nečíslované strany obrazových příloh : barevné ilustrace, mapy ; 21 cm
Book
Saved in:
LEADER 02304nam a2200577 i 4500
001 nkc20223423181
003 CZ PrNK
005 20240620082426.0
007 ta
008 220524s2021 xr abf e f 000 0 cze
015 |a cnb003423181 
020 |a 978-80-7538-418-8  |q (brožováno) 
035 |a (OCoLC)1433647436 
040 |a BOA001  |b cze  |e rda 
043 |a e-xr--- 
072 7 |a 902  |x Archeologie  |2 Konspekt  |9 8 
080 |a 902:904  |2 MRF 
080 |a 902.2  |2 MRF 
080 |a 7.025.3/.4  |2 MRF 
080 |a (437.3)  |2 MRF 
080 |a (035)  |2 MRF 
100 1 |a Pařez, Jan,  |d 1961-  |7 jo20000074478  |4 aut 
245 1 0 |a Doporučení pro obce v oblasti péče o archeologické kulturní dědictví /  |c text: Jan Pařez, Stanislava Kučová, Ján Čáni 
246 3 0 |a Péče o archeologické kulturní dědictví 
264 1 |a [Praha] :  |b Ministerstvo pro místní rozvoj ČR,  |c 2021 
300 |a 51 stran, 2 nečíslované strany obrazových příloh :  |b barevné ilustrace, mapy ;  |c 21 cm 
336 |a text  |b txt  |2 rdacontent 
337 |a bez média  |b n  |2 rdamedia 
338 |a svazek  |b nc  |2 rdacarrier 
490 1 |a MMR pro obce ;  |v 9 
500 |a Název z obálky 
504 |a Obsahuje bibliografické odkazy 
650 0 7 |a archeologické památky  |7 ph118576  |z Česko  |2 czenas 
650 0 7 |a archeologické lokality  |7 ph118575  |z Česko  |2 czenas 
650 0 7 |a archeologické nálezy  |7 ph137683  |z Česko  |2 czenas 
650 0 7 |a ochrana kulturního dědictví  |7 ph137196  |z Česko  |2 czenas 
650 0 9 |a archaeological monuments  |z Czechia  |2 eczenas 
650 0 9 |a archaeological sites  |z Czechia  |2 eczenas 
650 0 9 |a antiquities  |z Czechia  |2 eczenas 
650 0 9 |a protection of cultural heritage  |z Czechia  |2 eczenas 
655 7 |a příručky  |7 fd133209  |2 czenas 
655 9 |a handbooks and manuals  |2 eczenas 
700 1 |a Kučová, Stanislava,  |d 1970-  |7 xx0076862  |4 aut 
700 1 |a Čáni, Ján  |7 mzk20241219937  |4 aut 
810 1 |a Česko.  |b Ministerstvo pro místní rozvoj.  |t Pro obce  |0 s 
910 2 |a BOA001  |b 2-1521.990 
990 |a BK 
995 |a 01 
991 |b 202403  |c NOV 
996 6 |b 2610964631  |c 2-1521.990  |l MZK  |r Sklad / do 1 hodiny  |n 0  |p p.v.  |w 001957396  |u 000010  |a 1  |e BOA001  |j MZK50  |s P 
996 7 |b 2610972450  |c 2-1521.990  |l MZK  |r Sklad / do 1 hodiny  |n 0  |p dar  |w 001957396  |u 000020  |a 1  |e BOA001  |j MZK50  |s A